Pentecostalismo, sectas y pastoral
I tiakina i:
| Hōputu: | Pukapuka |
|---|---|
| Reo: | Pāniora |
| I whakaputaina: |
Santiago
Comisión Nacional de Ecumenismo
1989
|
| Ngā marau: | |
| Ngā Tūtohu: |
Tāpirihia he Tūtohu
Kāore He Tūtohu, Me noho koe te mea tuatahi ki te tūtohu i tēnei pūkete!
|
MARC
| LEADER | 00000nam a2200000 a 4500 | ||
|---|---|---|---|
| 001 | UCX2060 | ||
| 003 | CL-VaPUC | ||
| 008 | 910125e19890000CL |||||||||||||||||spa|d | ||
| 082 | 0 | 4 | |a 270.82 |b PEN |2 21 |
| 245 | 1 | 0 | |a Pentecostalismo, sectas y pastoral |
| 300 | |a 125 p | ||
| 942 | |c BK | ||
| 945 | |d 19910125 00:00:00 | ||
| 260 | |a Santiago |b Comisión Nacional de Ecumenismo |c 1989 | ||
| 650 | 0 | |a Ecumenismo |9 255639 | |
| 583 | |a last modification |c 19910125 00:00:00 |k Rodrigo Vera | ||
| 999 | |c 223160 |d 223158 | ||
| 952 | |0 0 |1 0 |4 0 |6 270_820000000000000_PEN_1989 |7 0 |8 A |9 218679 |a BIBTEO |b BIBTEO |d 2019-11-15 |i 2874776 |o 270.82 PEN 1989 |p 2874776 |r 2025-01-17 |w 2019-11-15 |y BK |k ICR | ||
| 952 | |0 0 |1 0 |4 0 |6 270_820000000000000_PEN_1989 |7 0 |8 A |9 218680 |a BIBTEO |b BIBTEO |d 2019-11-15 |i 2874792 |o 270.82 PEN 1989 |p 2874792 |r 2025-01-17 |w 2019-11-15 |y BK |k ICR | ||
| 952 | |0 0 |1 0 |4 0 |6 270_820000000000000_PEN_1989 |7 0 |8 A |9 218681 |a BIBTEO |b BIBTEO |d 2019-11-15 |i 4069625 |o 270.82 PEN 1989 |p 4069625 |r 2025-01-17 |w 2019-11-15 |y BK |k ICR | ||